00505nam a2200193Ii 450000100060000000300090000600800410001502000180005604000330007404100080010708400130011510000190012824500230014726400480017030000120021833600260023033700280025633800270028420388CO-ViMGA241108s9999||||xx |||||||||||||| ||und|| a9788426140357 aCO-ViMGAbspaerdacCO-ViMGA0 aspa aC YUN1bu1 aChoi Yun-jeong10aLos buenos vecinos 1aMadrid, España : Editorial Juventud, 2014 avolumen atextbtxt2rdacontent aunmediatedbn2rdamedia avolumebnc2rdacarrier